One Word Horror Movies - Statistics

General Stats
  • This quiz has been taken 85 times
    31 since last reset
  • The average score is 28 of 105
Answer Stats
Answer % Correct
It
84%
Scream
76%
Halloween
68%
Saw
68%
Carrie
64%
Hellraiser
60%
Jaws
60%
Psycho
60%
Alien
56%
Dracula
56%
Ma
52%
Rings
52%
Ringu
52%
Annabelle
48%
Cujo
48%
Midsommar
48%
Us
48%
Aliens
44%
Christine
44%
Hereditary
44%
Insidious
44%
Poltergeist
44%
Candyman
36%
Frankenstein
36%
Gremlins
36%
Phantasm
36%
Suspiria
36%
Wolf
36%
Anaconda
32%
Audition
32%
Devil
32%
Firestarter
32%
Freaks
32%
Leprechaun
32%
Nope
32%
Orphan
32%
Piranha
32%
Them!
32%
Tremors
32%
Hostel
28%
House
28%
Inside
28%
Pumpkinhead
28%
Smile
28%
Videodrome
28%
X
28%
Demons
24%
Mama
24%
May
24%
Mimic
24%
Pearl
24%
Possession
24%
Raw
24%
Teeth
24%
Weapons
24%
Barbarian
20%
Fear
20%
MaXXXine
20%
P2
20%
Phenomena
20%
Scanners
20%
Signs
20%
Sinners
20%
Thinner
20%
Crawl
16%
Creepshow
16%
Frogs
16%
Jigsaw
16%
Krampus
16%
Maniac
16%
Onibaba
16%
Ouija
16%
Spiral
16%
Together
16%
Braindead
12%
Frailty
12%
Fresh
12%
Hannibal
12%
Longlegs
12%
Possessor
12%
Vacancy
12%
Valentine
12%
Zombieland
12%
Freaky
8%
Immaculate
8%
Martin
8%
Se7en
8%
Splice
8%
Tenebrae
8%
Trap
8%
Turistas
8%
Unfriended
8%
Cure
4%
Cursed
4%
Inferno
4%
Leviathan
4%
Old
4%
Presence
4%
Prometheus
4%
Ravenous
4%
Sick
4%
Sleepwalkers
4%
Unsane
4%
Waxwork
4%
Thanksgiving
0%
No matching quizzes found
Score Distribution
Percent of People with Each Score
Percentile by Number Answered
Your Score History
You have not taken this quiz since the last reset